000 00497cam a22002054a 4500
005 20250605164317.0
008 250528s ||||||||||||||||||||||||d
035 _a22724
020 _a9781903128718
040 _aGR-AtMCL
_bgre
_dGR-AtMCL
_eAACR2
245 1 _aFCE LISTENING & SPEAKING SKILLS
250 _a1
260 _bExpress Publishing,
_c1999
300 _a128
700 1 _aEvans Virginia
_93804
700 1 _aMilton James
_98439
942 _cBK
999 _c7769
_d7769